Tvorba interaktívnej animácie štvrtinového modelu automobilu

Na minha lista:
Detalhes bibliográficos
Autor principal: Boldiš, Marcel (Author)
Outros Autores: Žáková, Katarína (Thesis advisor)
Formato: Manuscrito Livro
Idioma:eslovaco
Publicado em: 2018
Assuntos:
Acesso em linha:http://is.stuba.sk/zp/portal_zp.pl?podrobnosti=123647
Tags: Adicionar Tag
Sem tags, seja o primeiro a adicionar uma tag!

MARC

LEADER 00000ntm a22000003a 4500
001 stuzp66952
003 SK-STU
005 20181126105427.5
007 ta
008 150427s2015----xo-----f-mn---000-0-slo-d
040 |a STU  |b slo 
041 0 |a slo 
044 |a xo 
100 1 |a Boldiš, Marcel  |u 035000  |4 aut  |U FEI Fakulta elektrotechniky a informatiky  |T FEI Ústav informatiky a matematiky  |X 80287  |U E050  |Y 816  |7 80287 
242 0 1 |a Design of quarter car model interactive animation  |y eng 
245 1 0 |a Tvorba interaktívnej animácie štvrtinového modelu automobilu 
260 |c 2018 
300 |a 44 s.,  |b CD-ROM 
650 4 |a animation  |2 eng 
650 4 |a quarter car model  |2 eng 
650 4 |a web application  |2 eng 
650 4 |a webová aplikácia  |2 slo 
650 4 |a štvrtinový model automobilu  |2 slo 
650 4 |a animácia  |2 slo 
700 1 |a Žáková, Katarína  |u 030400  |k Z1  |4 ths  |U FEI Fakulta elektrotechniky a informatiky  |T FEI Ústav automobilovej mechatroniky  |X 4948  |U E400  |Y 642  |7 A000004948 
856 4 |u http://is.stuba.sk/zp/portal_zp.pl?podrobnosti=123647 
996 |b 284ER02747  |c E*Bc- 2747  |l EE35  |s P  |a 0  |w stuzp66952_0001